Statistics for Common Pizza Ingredient Producing Countries

Click here to take the quiz!

General Stats

  • This quiz has been taken 152 times
  • The average score is 16 of 19

Answer Stats

Country% Correct
Italy
100%
United States
99%
France
98%
Spain
95%
Germany
94%
Mexico
93%
Canada
91%
China
91%
Russia
91%
Brazil
89%
India
88%
Australia
83%
Argentina
78%
Poland
75%
Turkey
73%
Netherlands
72%
Pakistan
61%
Egypt
59%
Iran
58%

Score Distribution

Percentile by Number Answered

Percent of People with Each Score

Your Score History

You have not taken this quiz